[Event "Angers op 13th"]
[Site "Angers"]
[Date "2018.05.11"]
[Round "2"]
[White "Andre, Philippe"]
[Black "Lucidarme, Damien"]
[Result "1-0"]
[WhiteElo "1793"]
[BlackElo "1970"]
[PlyCount "101"]
[EventDate "2018.05.11"]
[EventType "swiss"]
[EventRounds "6"]
[EventCountry "FRA"]
[SourceTitle "CBM 184 Extra"]
[Source "ChessBase"]
[SourceDate "2018.06.28"]
[SourceVersion "1"]
[SourceVersionDate "2018.06.28"]
[SourceQuality "1"]

1. e4 c5 2. c3 e6 3. d4 d5 4. e5 Qb6 5. Nf3 Bd7 6. g3 Bb5 7. a4 Bxf1 8. Kxf1 Nc6 9. dxc5 Bxc5 10. b4 Bf8 11. a5 Qc7 12. Qe2 Nge7 13. a6 b6 14. Na3 Ng6 15. Nb5 Qd7 16. Be3 Rb8 17. Bd4 Be7 18. h4 f6 19. Kg2 0-0 20. exf6 gxf6 21. h5 Nh8 22. Be3 Nf7 23. Nfd4 Nxd4 24. Nxd4 e5 25. Qb5 Qxb5 26. Nxb5 Ra8 27. Nc7 d4 28. Nxa8 Rxa8 29. cxd4 Bxb4 30. dxe5 Nxe5 31. Rac1 Bd6 32. Rhd1 Rd8 33. Bf4 Kf7 34. Bxe5 fxe5 35. Kf3 Ke6 36. Rc6 b5 37. Ke4 b4 38. Rcxd6+ Rxd6 39. Rxd6+ Kxd6 40. g4 Ke6 41. Kd3 Kf6 42. Kc4 Kg5 43. f3 Kf4 44. h6 Kxf3 45. g5 e4 46. g6 e3 47. gxh7 e2 48. h8Q e1Q 49. Qf6+ Kg4 50. h7 Qc1+ 51. Kb5 1-0

[Event "Angers op 13th"]
[Site "Angers"]
[Date "2018.05.11"]
[Round "1"]
[White "Bourgois, Bastien"]
[Black "Andre, Philippe"]
[Result "1-0"]
[WhiteElo "2072"]
[BlackElo "1793"]
[PlyCount "33"]
[EventDate "2018.05.11"]
[EventType "swiss"]
[EventRounds "6"]
[EventCountry "FRA"]
[SourceTitle "CBM 184 Extra"]
[Source "ChessBase"]
[SourceDate "2018.06.28"]
[SourceVersion "1"]
[SourceVersionDate "2018.06.28"]
[SourceQuality "1"]

1. d4 b6 2. c4 Bb7 3. Nc3 e6 4. a3 f5 5. d5 e5 6. e4 Qf6 7. exf5 Qxf5 8. Bd3 Qf7 9. Nf3 Bd6 10. Ng5 Qe7 11. Qh5+ g6 12. Bxg6+ Kf8 13. Nxh7+ Kg7 14. Ne4 Nf6 15. Bh6+ Kg8 16. Nexf6+ Qxf6 17. Nxf6# 1-0

[Event "Creon op 16th"]
[Site "Creon"]
[Date "2011.08.07"]
[Round "9"]
[White "Rives, Sylvain"]
[Black "Andre, Philippe"]
[Result "0-1"]
[WhiteElo "1611"]
[BlackElo "1791"]
[PlyCount "42"]
[EventDate "2011.08.01"]
[EventType "swiss"]
[EventRounds "9"]
[EventCountry "FRA"]
[SourceTitle "CBM 143 Extra"]
[Source "ChessBase"]
[SourceDate "2011.08.29"]
[SourceVersion "1"]
[SourceVersionDate "2011.08.29"]
[SourceQuality "1"]

1. f4 e5 2. fxe5 d6 3. exd6 Bxd6 4. Nf3 g5 5. d4 g4 6. Ne5 Bxe5 7. dxe5 Qxd1+ 8. Kxd1 Nc6 9. Bf4 Bf5 10. Nd2 0-0-0 11. c4 Nge7 12. g3 Ng6 13. e3 Ngxe5 14. Bxe5 Nxe5 15. Be2 Rd7 16. Rf1 Bg6 17. Rf2 Rhd8 18. Bf1 Nf3 19. Rxf3 Rxd2+ 20. Ke1 gxf3 21. Bh3+ Kb8 0-1

[Event "Massy op"]
[Site "Massy"]
[Date "2010.06.??"]
[Round "?"]
[White "Benmenni, Boubekeur"]
[Black "Andre, Philippe"]
[Result "0-1"]
[WhiteElo "1726"]
[BlackElo "1793"]
[PlyCount "90"]
[EventDate "2010.06.??"]
[EventType "swiss"]
[EventRounds "7"]
[EventCountry "FRA"]
[SourceTitle "EXT 2011"]
[Source "ChessBase"]
[SourceDate "2010.11.26"]
[SourceVersion "1"]
[SourceVersionDate "2010.11.26"]
[SourceQuality "1"]

1. d4 Nf6 2. c4 e6 3. Nc3 Bb4 4. a3 Bxc3+ 5. bxc3 b6 6. Bg5 h6 7. Bh4 Bb7 8. f3 d6 9. e4 Nbd7 10. Bd3 0-0 11. Ne2 e5 12. 0-0 Re8 13. Bf2 Qe7 14. Ng3 g6 15. Be3 Kg7 16. Qd2 Rh8 17. f4 Ng4 18. fxe5 Qh4 19. h3 Nxe3 20. Qxe3 dxe5 21. Qf2 Qe7 22. h4 Rhf8 23. h5 Rad8 24. Qc2 Nf6 25. hxg6 fxg6 26. d5 Ng4 27. Rxf8 Rxf8 28. Rf1 Qh4 29. Rxf8 Qh2+ 30. Kf1 Ne3+ 31. Kf2 Nxc2 32. Re8 Kf7 33. Rxe5 Nxa3 34. Re6 Qh4 35. Kf3 Bc8 36. Rc6 Qg4+ 37. Kf2 Qf4+ 38. Kg1 Qxg3 39. d6 cxd6 40. Rc7+ Kf6 41. Be2 Be6 42. Rxa7 Nxc4 43. Ra4 Qe1+ 44. Bf1 Ne3 45. Ra1 Qxa1 0-1

[Event "Massy op"]
[Site "Massy"]
[Date "2010.06.??"]
[Round "?"]
[White "De Lagontrie, Jean"]
[Black "Andre, Philippe"]
[Result "1-0"]
[WhiteElo "1965"]
[BlackElo "1793"]
[PlyCount "59"]
[EventDate "2010.06.??"]
[EventType "swiss"]
[EventRounds "7"]
[EventCountry "FRA"]
[SourceTitle "EXT 2011"]
[Source "ChessBase"]
[SourceDate "2010.11.26"]
[SourceVersion "1"]
[SourceVersionDate "2010.11.26"]
[SourceQuality "1"]

1. d4 Nf6 2. c4 e6 3. Nc3 Bb4 4. e3 b6 5. Nge2 Bb7 6. a3 Be7 7. d5 d6 8. e4 e5 9. Ng3 Nbd7 10. Bd3 0-0 11. 0-0 Re8 12. b4 Bf8 13. Be3 g6 14. Nge2 Bg7 15. h3 Kh8 16. Bc2 Ng8 17. Ba4 Ne7 18. Bxd7 Qxd7 19. b5 f5 20. f3 f4 21. Bf2 g5 22. Nc1 h5 23. Nd3 a5 24. Na4 Nc8 25. Rb1 Bf6 26. c5 dxc5 27. Naxc5 Qd6 28. Nxb7 Qxa3 29. d6 cxd6 30. Rb3 1-0

[Event "Rohde op 09th"]
[Site "Sautron"]
[Date "2009.10.27"]
[Round "5"]
[White "Auvray, Honorine"]
[Black "Andre, Philippe"]
[Result "1-0"]
[WhiteElo "1663"]
[BlackElo "1801"]
[PlyCount "39"]
[EventDate "2009.10.24"]
[EventType "swiss"]
[EventRounds "9"]
[EventCountry "FRA"]
[SourceTitle "EXT 2010"]
[Source "ChessBase"]
[SourceDate "2010.11.25"]
[SourceVersion "1"]
[SourceVersionDate "2010.11.25"]
[SourceQuality "1"]

1. e4 Nf6 2. e5 Nd5 3. d4 d6 4. exd6 cxd6 5. c4 Nb6 6. Nc3 g6 7. Nf3 Bg7 8. h3 0-0 9. b3 e5 10. Bb2 Nc6 11. Ne2 Bf5 12. Ng3 Bc8 13. Be2 a5 14. 0-0 a4 15. Re1 axb3 16. axb3 Rxa1 17. Qxa1 Bd7 18. dxe5 dxe5 19. Nxe5 Qa8 20. Nxc6 1-0

[Event "Chateauroux op"]
[Site "Chateauroux"]
[Date "2005.10.30"]
[Round "2"]
[White "Loiret, Stanislas"]
[Black "Andre, Philippe"]
[Result "1-0"]
[WhiteElo "2223"]
[BlackElo "1680"]
[PlyCount "41"]
[EventDate "2005.10.30"]
[EventType "swiss"]
[EventRounds "7"]
[EventCountry "FRA"]
[SourceTitle "EXT 2007"]
[Source "ChessBase"]
[SourceDate "2006.11.23"]
[SourceVersion "1"]
[SourceVersionDate "2006.11.23"]
[SourceQuality "1"]

1. e4 Nf6 2. Nc3 d5 3. e5 Nfd7 4. d4 c5 5. f4 e6 6. Nf3 Nc6 7. Be3 Be7 8. Qd2 0-0 9. 0-0-0 a6 10. dxc5 Bxc5 11. Bxc5 Nxc5 12. f5 Ne4 13. Nxe4 dxe4 14. Qf4 Qc7 15. f6 gxf6 16. Qg4+ Kh8 17. exf6 Rg8 18. Qxe4 Rg6 19. Bd3 Rh6 20. Ng5 b5 21. Qxc6 1-0

[Event "Fouesnant op 07th"]
[Site "Fouesnant"]
[Date "2001.10.30"]
[Round "6"]
[White "Andre, Philippe"]
[Black "Priser, Jacques"]
[Result "1-0"]
[WhiteElo "1790"]
[BlackElo "1600"]
[PlyCount "75"]
[EventDate "2001.10.27"]
[EventType "swiss"]
[EventRounds "7"]
[EventCountry "FRA"]
[SourceTitle "EXT 2003"]
[Source "ChessBase"]
[SourceDate "2002.11.25"]
[SourceVersion "1"]
[SourceVersionDate "2002.11.25"]
[SourceQuality "1"]

1. e4 c5 2. Nf3 Nc6 3. d3 g6 4. g3 Bg7 5. Bg2 e6 6. 0-0 Nge7 7. Re1 d6 8. Nbd2 0-0 9. Nf1 Qc7 10. h4 h5 11. c3 e5 12. N1h2 Kh8 13. Ng5 Nd8 14. g4 hxg4 15. Nxg4 f6 16. Nh3 Rf7 17. f4 Qd7 18. Ne3 Bf8 19. Rf1 Qe8 20. f5 Rh7 21. Qe1 gxf5 22. exf5 Qh5 23. Be4 Qxh4 24. Qxh4 Rxh4 25. Kg2 Bh6 26. Kg3 Ng6 27. Nd5 Rxh3+ 28. Kxh3 Bg7 29. Kg3 Nf8 30. Ne7 Nh7 31. Rh1 Bf8 32. Ng6+ Kg8 33. Bh6 Bxh6 34. Rxh6 Ng5 35. Rh8+ Kg7 36. Rxd8 Bxf5 37. Rxa8 Bxg6 38. Bxg6 1-0

[Event "Fouesnant op 07th"]
[Site "Fouesnant"]
[Date "2001.10.29"]
[Round "4"]
[White "Andre, Philippe"]
[Black "Terrieux, Kevin"]
[Result "0-1"]
[WhiteElo "1790"]
[BlackElo "2030"]
[PlyCount "54"]
[EventDate "2001.10.27"]
[EventType "swiss"]
[EventRounds "7"]
[EventCountry "FRA"]
[SourceTitle "EXT 2003"]
[Source "ChessBase"]
[SourceDate "2002.11.25"]
[SourceVersion "1"]
[SourceVersionDate "2002.11.25"]
[SourceQuality "1"]

1. Nf3 c5 2. g3 Nc6 3. Bg2 g6 4. d3 Bg7 5. e4 d6 6. 0-0 e5 7. Nbd2 Nge7 8. Nc4 0-0 9. a4 f5 10. c3 h6 11. h4 Be6 12. Qe2 Qd7 13. Bd2 Rf7 14. Rae1 Raf8 15. Nh2 f4 16. g4 f3 17. Bxf3 Rxf3 18. Nxf3 Bxg4 19. Kg2 Bxf3+ 20. Qxf3 Rxf3 21. Kxf3 d5 22. exd5 Qxd5+ 23. Ke2 e4 24. Ne3 exd3+ 25. Kd1 Qb3+ 26. Kc1 Nd5 27. Nxd5 Qc2# 0-1

[Event "Fouesnant op 07th"]
[Site "Fouesnant"]
[Date "2001.10.28"]
[Round "2"]
[White "Andre, Philippe"]
[Black "Klooker, Reynold"]
[Result "1-0"]
[WhiteElo "1790"]
[BlackElo "1919"]
[PlyCount "73"]
[EventDate "2001.10.27"]
[EventType "swiss"]
[EventRounds "7"]
[EventCountry "FRA"]
[SourceTitle "EXT 2003"]
[Source "ChessBase"]
[SourceDate "2002.11.25"]
[SourceVersion "1"]
[SourceVersionDate "2002.11.25"]
[SourceQuality "1"]

1. f4 e5 2. fxe5 d6 3. Nf3 dxe5 4. e4 Bc5 5. c3 Nc6 6. Bb5 Bd7 7. b4 Bb6 8. Na3 a6 9. Bc4 Qe7 10. Bb2 Nf6 11. Qe2 h6 12. Nc2 Be6 13. Bxe6 Qxe6 14. c4 Rd8 15. c5 Ba7 16. Bc3 0-0 17. 0-0 Nd4 18. Bxd4 exd4 19. d3 b6 20. Ncxd4 Qe8 21. Nb3 Nd5 22. Qd2 Nf6 23. Rfe1 a5 24. a3 a4 25. cxb6 cxb6 26. Nc1 b5+ 27. Kh1 Ng4 28. d4 Ne5 29. Ne2 Nc4 30. Qc3 Qxe4 31. Ng3 Qb7 32. Rad1 Rfe8 33. Rxe8+ Rxe8 34. d5 Re3 35. Rd3 Qe7 36. Nf5 Qe4 37. Qxg7# 1-0

[Event "Fouesnant op 07th"]
[Site "Fouesnant"]
[Date "2001.10.28"]
[Round "3"]
[White "Theon, Pierre"]
[Black "Andre, Philippe"]
[Result "1/2-1/2"]
[WhiteElo "2297"]
[BlackElo "1790"]
[PlyCount "70"]
[EventDate "2001.10.27"]
[EventType "swiss"]
[EventRounds "7"]
[EventCountry "FRA"]
[SourceTitle "EXT 2003"]
[Source "ChessBase"]
[SourceDate "2002.11.25"]
[SourceVersion "1"]
[SourceVersionDate "2002.11.25"]
[SourceQuality "1"]

1. d4 f5 2. Bg5 Nf6 3. Bxf6 exf6 4. e3 d5 5. Bd3 g6 6. h4 h5 7. Qf3 Bd6 8. Nc3 c6 9. Nh3 b6 10. Nf4 Bxf4 11. Qxf4 Ba6 12. 0-0-0 Bxd3 13. cxd3 Na6 14. Kb1 Rc8 15. e4 Qc7 16. Qf3 dxe4 17. dxe4 Qf7 18. exf5 0-0 19. Qg3 Kh7 20. Ne4 Rcd8 21. Nd6 Qg8 22. Rhe1 Rd7 23. Rd3 Nb4 24. Qxg6+ Qxg6 25. fxg6+ Kg7 26. Nf5+ Kxg6 27. Rf3 c5 28. dxc5 bxc5 29. Ne3 Rb8 30. Rg3+ Kh7 31. Nc4 Rd4 32. Re7+ Kh8 33. Ne3 f5 34. Rgg7 f4 35. Rh7+ Kg8 1/2-1/2